| 000 | 00375nam a22001217a 4500 | ||
|---|---|---|---|
| 082 | _a220 PRO | ||
| 100 |
_aAFAQ AFZAL, MUJAHID ALI _972349 |
||
| 245 | _aPR-SOF-1039-DESIGN AND FABRICATION OF ALUMINUM BASED FLAT PLAT SOLAR COLLECTOR | ||
| 260 |
_aISLAMABAD _bNUST COLLEGE OF EME _c2010 |
||
| 650 | _aDE-MECH-28 | ||
| 700 |
_a SUPERVISOR ALI,AHMED SOHAIL _972350 |
||
| 942 | _cBK | ||
| 999 |
_c578417 _d578417 |
||